| 000 | 03151cam a22007094i 4500 | ||
|---|---|---|---|
| 003 | PE-LiUPU | ||
| 005 | 20250731165506.0 | ||
| 008 | 150527s2011 ck a rb 000 0 spa d | ||
| 020 | _a9789588675800 | ||
| 035 | _a(Sirsi) i9789588675800 | ||
| 040 |
_aPE-LiUPU _bspa _cPE-LiUPU _erda |
||
| 049 | _aPRUA | ||
| 082 | 0 | 4 |
_a005.72 _bG68 _221 |
| 082 | 0 | 4 |
_a004.738 _bG39 2011 _221 |
| 100 | 1 |
_aGómez López, Julio, _eautor. |
|
| 245 | 1 | 0 |
_aDiseño y creación de portales web / _cJulio Gómez López, Eugenio Villar Fernández, Alfredo Alcayde García. |
| 250 | _aPrimera edición. | ||
| 264 | 1 |
_aBogotá, Colombia : _bEdiciones de la U, _c2011. |
|
| 300 |
_a242 páginas : _bilustraciones ; _c24 centímetros. |
||
| 336 |
_atext _2rdacontent |
||
| 337 |
_aunmediated _2rdamedia |
||
| 338 |
_avolume _2rdacarrier |
||
| 490 | 0 | _aInformática | |
| 504 | _aÍndice alfabético : páginas 241-242. | ||
| 505 | 0 | _aPáginas web estáticas -- Hojas de estilo -- Servidores de aplicaciones LAMP -- PHP -- Gestores de contenidos -- Posicionamiento web. | |
| 526 | _aSEG44 | ||
| 526 | _aSEG26 | ||
| 526 | _aP151 | ||
| 526 | _aP150 | ||
| 526 | _aP149 | ||
| 526 | _aP146 | ||
| 526 | _aP145 | ||
| 526 | _aP126 | ||
| 526 | _aP125 | ||
| 526 | _aP92 | ||
| 526 | _aP75 | ||
| 526 | _aP74 | ||
| 526 | _aP27 | ||
| 526 | _aP15 | ||
| 541 | _g043-0014410; | ||
| 650 | 4 | _aAutoaprendizaje. | |
| 650 | 4 | _aAutoformación. | |
| 650 | 4 | _aDiseño de páginas web. | |
| 650 | 4 | _aMySQL (Lenguaje de programación de computadores). | |
| 650 | 4 | _aPáginas web estáticas. | |
| 650 | 4 | _aPHP (Lenguaje de procesamiento de texto). | |
| 650 | 4 | _aSQL (Lenguaje de programación de computadores). | |
| 650 | 7 |
_aPortales de Internet _xDiseño. _2embne |
|
| 700 | 1 |
_aAlcayde García, Alfredo, _eautor. |
|
| 700 | 1 |
_aVillar Fernández, Eugenio, _eautor. |
|
| 910 |
_acce _bjvq _ccce _d20150527 |
||
| 942 |
_2ddc _cBOOK |
||
| 949 |
_a005.72 G68 _wDEWEY _c1 _i71448 _lCCODEBUL1 _mBUL _p15.70 _r0 _sY _tBOOK _u2015-5-27 _xINGENIERIA _PP27 _0COMPRA _o.STAFF. Colección General |
||
| 949 |
_a004.738 G39 2011 _wDEWEY _c1 _iFJ09945 _lCCODEBUJ1 _mBUJ _p16.00 _r0 _sY _tBOOK _u2015-9-17 _xINGENIERIA _PP27 _0COMPRA _o.STAFF. Colección General Juliaca |
||
| 949 |
_a004.738 G39 2011 _wDEWEY _c2 _iFJ09946 _lCCODEBUJ1 _mBUJ _p16.00 _r0 _sY _tBOOK _u2015-9-17 _xINGENIERIA _PP27 _0COMPRA _o.STAFF. Colección General Juliaca |
||
| 994 |
_aC0 _bPEPRU |
||
| 596 | _a1 3 | ||
| 999 |
_a005.72 G68 _wDEWEY _c24295 _i71448 _d24295 _e2018-4-2 _f2022-4-17 _g8 _lCCODEBUL1 _mBUL _n2 _p15.70 _q3 _r1 _sY _tBOOK _u2015-5-27 _xINGENIERIA _PP27 _0COMPRA _o.STAFF. Colección General |
||
| 999 |
_a004.738 G63 2011 _wDEWEY _c1 _iFJ09945 _d2018-8-23 _e2018-8-22 _f2021-12-27 _g4 _lCCODEBUJ1 _mBUJ _n1 _p16.00 _q2 _r0 _sY _tBOOK _u2015-9-17 _xINGENIERIA _PP27 _0COMPRA _o.STAFF. Colección General Juliaca |
||
| 999 |
_a004.738 G63 2011 _wDEWEY _c2 _iFJ09946 _d2018-9-3 _f2021-12-27 _g4 _lCCODEBUJ1 _mBUJ _p16.00 _q1 _r0 _sY _tBOOK _u2015-9-17 _xINGENIERIA _PP27 _0COMPRA _o.STAFF. Colección General Juliaca |
||
| 980 |
_81 _gALBERTO SANCHEZ Responsable de Automatización |
||